Stichwort Sinti und Roma (Запис номер 48453)
[ съкратено ]
| 000 -Лидер | |
|---|---|
| Контролно поле с фиксирана дължина | 01325nam a2200385 c 4500 |
| 003 - Код на организацията, давaща контролен номер | |
| Контролно поле | BLK |
| 005 - Дата и час на последна редакция | |
| Контролно поле | 20180420221915.0 |
| 008 - Елементи от данни с фиксирана дължина | |
| fixed length control field | 180408b bul|||||r ||||||| ||bul|| |
| 010 ## - Наследен системен номер | |
| LC control number | KNG00052271000 |
| 020 ## - Международен стандартен номер на книга ISBN | |
| Международен стандартен номер на книга ISBN | 3-453-07064-X |
| -- | издат.: Wilhelm Heyne |
| 040 ## - Източник на каталожния запис | |
| Идентификатор на билиотеката - собственик на записа | BLK |
| 041 ## - Код за език | |
| Код за езика на текст/звукозапис или на отделно заглавие | Немски |
| Код за езика КДБФ | Немски |
| 080 ## - УДК | |
| Текстов определител УДК | Национални малцинства. Оптанти |
| УДК код - определител по УДК | 323.15 |
| УДК определител | (4=914.99) |
| УДК - код + определител | 323.15(4=914.99) |
| 080 ## - УДК | |
| Текстов определител УДК | Нрави и обичаи на примитивни народи. Номади, цигани, особени племена и раси |
| УДК код - определител по УДК | 397 |
| УДК определител | |
| УДК - код + определител | 397 |
| 100 1# - Редна дума - Автор | |
| Автор | Kopf, Peter |
| Авторска отговорност | първи автор |
| R(LIN) | 281516 |
| 139 ## - Редно поле | |
| Редна дума | Kopf, Peter |
| Авторски знак | Kop - K 74 |
| 245 10 - Сведения за заглавието | |
| Заглавие | Stichwort Sinti und Roma |
| Редно поле (дума) | Peter Kopf. |
| 257 ## - Страна на издаване | |
| Страна на създаване/издаване | Германия |
| 260 ## - Област на издателските данни | |
| -- | Munchen |
| Име на издателя, разпространителя и проч. | Wilhelm Heyne |
| Година на издаване | 1994 |
| 300 ## - Физическа характеристика | |
| Страници | 104 c |
| Размери/Мащаб | 18 cm |
| 380 ## - Жанр | |
| Жанр | Обществени науки |
| 490 1# - СЕРИИ (Колекции) | |
| Име на серия | Heyne Sachbuch |
| №: серия | 19/4040 |
| 650 #4 - Допълнително описание по предмет – тема | |
| Основно описание – тема или топоним | Малцинства - Европа |
| 9 (RLIN) | 255887 |
| 650 #4 - Допълнително описание по предмет – тема | |
| Основно описание – тема или топоним | Цигани - бит и култура |
| 9 (RLIN) | 251270 |
| 650 #4 - Допълнително описание по предмет – тема | |
| Основно описание – тема или топоним | Роми - бит и култура |
| 9 (RLIN) | 266334 |
| 653 ## - Ключова дума – ненормативна | |
| Ключова дума | малцинства |
| 653 ## - Ключова дума – ненормативна | |
| Ключова дума | цигани |
| 653 ## - Ключова дума – ненормативна | |
| Ключова дума | роми |
| 653 ## - Ключова дума – ненормативна | |
| Ключова дума | бит |
| 852 ## - Местоположение | |
| Форматна сигнатура | Цб І 28873 |
| 856 4# - Електронен адрес и достъп | |
| Електронен формат | pdf - файл |
| Път до файла /url/ | |
| 856 4# - Електронен адрес и достъп | |
| Електронен формат | pdf - файл |
| Път до файла /url/ | |
| 942 ## - АРТИКУЛИ | |
| Вид на библиотечния материал | Книги |
| Скрит в OPAC | Не |
| 944 ## - СЪЗДАВАНЕ И РЕДАКЦИЯ на ЗАПИСА | |
| Създаване/Редакция | Създаване |
| Дата на регистрацията/редакция | 01.01.1999 |
| Служител, извършил регистрацията/редакцията | Теодора_Стоянова |
| 944 ## - СЪЗДАВАНЕ И РЕДАКЦИЯ на ЗАПИСА | |
| Създаване/Редакция | Редакция |
| Дата на регистрацията/редакция | 31.01.2017 |
| Служител, извършил регистрацията/редакцията | Лили_Борисова |
| 999 ## - СИСТЕМНИ КОНТРОЛНИ НОМЕРА | |
| Koha biblionumber | 48453 |
| Koha biblioitemnumber | 48453 |
| Код за отписване | Код за изгубен артикул | Източник на класификационната схема | Код за повреда | Коз за рестрикции | Код за отдаване | Артикулен № | Име на библиотеката - собственик | Име на библиотеката, в която се намира в момента | Статус (Текущо местоположение) | Дата на вписване в системата | Местоположение - отдел | Цена в лева | Инвентарен номер | Систематично азбучна сигнатура | Баркод | Номер на екземпляра | Цена в евро | Служебна бележка | Служебен тип на артикула |
|---|---|---|---|---|---|---|---|---|---|---|---|---|---|---|---|---|---|---|---|
| Не е изгубен | Universal Decimal Classification | Не е повреден | без рестрикции | заемане за дома | 76016 | Регионална библиотека "Любен Каравелов" Русе | Регионална библиотека "Любен Каравелов" Русе | ЧЧЗО - нем. ез. - Гьоте инст. | 2002-01-01 | ЧЧЗО - нем. ез. - Гьоте инст. | 5.00 | 120000902761 | Ч5 323/K 74 P | 120000902761 | 1 | 2.56 | Дост: Da Дата: 01.01.1994 | Книги |